Представление документа в формате MARC21

Поле Инд. ПП Название Значение
Тип записи a
Библиографический уровень m
001 Контрольный номер RU/IS/BASE/344511347
005 Дата корректировки 20140703193018.9
040 a Служба первич. каталог. НБ ТвГУ
b Код языка каталог. rus
e Правила каталог. PSBO
041 0_ a Код языка текста rus
080 a Индекс УДК 910.4(100)(26)
084 a Индекс другой классификации/Индекс ББК Д9(0)022
090 a Полочн. индекс Д9(0)02
x Авторский знак Л 17
100 1_ a Автор Лазарев Андрей Петрович
q Полное имя веденные гвардейского экипажа лейтенантом А. П. Лазаревым
245 10 a Заглавие Записки о плавании военного шлюпа "Благонамеренного" в Берингов пролив и вокруг света для открытий в 1819, 1820, 1821 и 1822 годах
c Ответственность под ред., со вступ. ст. и коммент. А. И. Соловьева ; Гл. арх. упр. МВД СССР, Центр. гос. арх. Воен.-мор. флота
246 _4 a Другая форма заглавия Плавание вокруг света военного шлюпа "Благонамеренный"
260 a Место издания Москва
b Издательство Географгиз
c Дата издания 1950
300 a Объем 472,[3] с., [3] л. ил.
b Иллюстрации/ тип воспроизводства ил., табл., факс.
504 a Библиография Указ. имен, геогр. назв.: стр. 465-473
653 a Ключевые слова Благонамереный, шлюп
a Ключевые слова Военно-морской флот России
a Ключевые слова Кругосветные плавания
a Ключевые слова Кругосветные путешествия
a Ключевые слова Кругосветные экспедиции
a Ключевые слова Морские путешествия
a Ключевые слова Морские пути
a Ключевые слова Русский военно-морской флот
a Ключевые слова Северный морской путь
a Ключевые слова Северо-Западный морской путь
a Ключевые слова Экспедиции
901 t Тип документа m
920 a Оператор Густ
952 c Вид литературы К рн
954 a Дата поступления на обработку 20110304